000 01485nam a2200301Ia 4500
999 _c51380
_d51380
001 18364
003 GE_BSU
005 20210804122648.0
008 181216s ||||ge |||||||||||||| ||geo||
020 _a9789941233524
040 _cGE_BSU
041 _ageo
080 _a339.138 კ-79
100 _aკოტლერი, ფ.
_912370
245 _aმარკეტინგის საფუძვლები /
_cფ. კოტლერი, გ. არმსტრონგი ; მთარგმნ. : ლ. აბდუშელიშვილი, ნ. მანჩხაშვილი ; რედ. : ნ. ილაშვილი, ე. ჩაბრაძე.
250 _aმე-14 გამოცემა
264 _aთბილისი ;
_bბაკურ სულაკაურის გამ-ბა,
_c2015.
300 _a746 გვ. ;
_c28 სმ.
541 _h70 ლ.
653 _aეკონომიკა
653 _aმარკეტინგის საფუძვლები
700 _aარმსტრონგი, გ.
_eავტორი
_912371
700 _aაბდუშელიშვილი, ლ.
_eმთარგმნელი
_912372
700 _aმანჩხაშვილი, ნ.
_eმთარგმნელი
_912373
700 _aილაშვილი, ნ.
_eრედაქტორი
_912374
700 _aჩაბრაძე, ე.
_eრედაქტორი
_912375
942 _cBK
_2udc